|
|
|
|
| LEADER |
01189nam a2200229Ia 4500 |
| 001 |
123696 |
| 008 |
170722s9999 xx 000 0 und d |
| 020 |
|
|
|a 8120311760
|
| 100 |
|
|
|a Boylestad, Robert And
|
| 245 |
|
|
|a Electronic devices and circuit theory /
|
| 250 |
|
|
|a 6th ed.
|
| 260 |
|
|
|a New Delhi :
|b Prentice-Hall of India ,
|c 1997.
|
| 300 |
|
|
|a 950 p.
|c 28cms
|
| 653 |
|
|
|a Electronic Circuits
|
| 700 |
|
|
|a Nashelsky, Louis
|
| 942 |
|
|
|c GEN
|
| 999 |
|
|
|c 118377
|d 118377
|
| 952 |
|
|
|0 0
|1 0
|4 0
|6 D_653_N7N73P2
|7 0
|9 167366
|a LIB
|b LIB
|d 2017-08-12
|l 1
|o D65,3 N7-N7;3,P2
|p 232353
|r 2019-10-05
|s 2019-08-30
|v 295.00
|w 2017-08-12
|y GEN
|
| 952 |
|
|
|0 0
|1 0
|4 0
|6 D_653_N7N73P2
|7 0
|9 167367
|a LIB
|b LIB
|d 2017-08-12
|l 3
|o D65,3 N7-N7;3,P2
|p 232463
|r 2019-02-14
|s 2019-01-11
|v 295.00
|w 2017-08-12
|y GEN
|
| 952 |
|
|
|0 0
|1 0
|4 0
|6 D_653_N7N73P2
|7 0
|9 167368
|a LIB
|b LIB
|d 2017-08-12
|l 1
|o D65,3 N7-N7;3,P2
|p 236133
|r 2019-11-13
|s 2019-10-05
|v 295.00
|w 2017-08-12
|y GEN
|
| 952 |
|
|
|0 1
|1 0
|4 0
|6 D_653_N7N73P2
|7 0
|9 167369
|a LIB
|b LIB
|d 2017-08-12
|o D65,3 N7-N7;3,P2
|p 236134
|r 2017-08-12
|v 295.00
|w 2017-08-12
|y GEN
|
| 952 |
|
|
|0 0
|1 0
|4 0
|6 D_653_N7N73P2
|7 0
|9 167370
|a LIB
|b LIB
|d 2017-08-12
|l 1
|o D65,3 N7-N7;3,P2
|p 247153
|r 2020-01-09
|s 2019-11-13
|v 295.00
|w 2017-08-12
|y GEN
|